Представление документа в формате RUSMARC

ПолеНазваниеЗначение
  Тип записи a
  Библиографический уровень m
001 Контрольный номер RU\bookru\bibl\919614
003 Постоянный идентификатор записи http://www.book.ru/book/919614
005 Дата корректировки 20161026112536.5
010 Индекс ISBN __
a ISBN 978-5-406-04919-8
100 Данные общей обработки 0_
a Данные общей обработки 20160304d2016 mk y0rusy50 ca
101 Язык документа 0_
a Язык текста Русский
102 Страна публикации __
a Страна публикации RU
105 Кодированные данные (монография) __
a Кодированные данные (монография) y ||||000yy
200 Заглавие и сведения об ответственности 1_
a Заглавие Методы принятия управленческих решений: количественный подход (для бакалавров)
210 Выходные данные __
a Место издания Москва
c Издательство КноРус
d Дата издания 2016
215 Физическое описание __
a Объем 145
330 Аннотация __
a Аннотация Отражены количественные методы принятия управленческих решений. Учтены особенности разработки и принятия управленческих решений в бизнесе, сфере государственного управления, в производственных организациях. Излагаются методы решения транспортной задачи, основы многокритериальной оптимизации, теории игр, динамического и нелинейного программирования. Соответствует ФГОС ВО 3+. Для студентов бакалавриата, обучающихся по направлениям "Экономика" и "Менеджмент"
606 Тематические рубрики __
a Основная рубрика Менеджмент
2 Код системы local
608 Указатель предметных рубрик __
a Жанр/форма Учебное пособие
2 Код системы local
675 Индекс УДК __
a Индекс УДК 65.0(075.8)
z Язык издания rus
686 Индексы других классификаций __
a Классификационный индекс 65.291.21я73
2 Код системы rubbk
700 Автор _1
a Фамилия Кочкаров А. А. под ред. и др.
801 Источник записи _1
a Страна RU
b Организация book_ru
c Дата составления 20160304
g Правила каталогизации RCR
856 Электронный адрес документа 4_
u Универсальный указатель ресурса (URL) http://www.book.ru/book/919614
951 __
a http://www.book.ru/book/919614